Personnages Stranger Things par Image - Statistiques

Statistiques générales
  • Ce quiz a été pris 361 fois
  • Le résultat moyen est 33 sur 48
Statistiques - réponses
Par images Réponse % Correct
Max Mayfield
97%
Will Byers
96%
Mike Wheeler
95%
Barbara
94%
Billy
94%
Nancy Wheeler
94%
Dustin Henderson
93%
Lucas Sinclair
93%
Steve Harrington
93%
Vecna
93%
Bob
92%
Robin
92%
Eddie Munson
91%
Jim Hopper
91%
Jonathan Byers
91%
Onze
91%
Suzie
91%
Erica Sinclair
90%
Joyce Byers
89%
Demogorgon
85%
Karen Wheeler
81%
Dr Martin Brenner
80%
Chrissy
79%
Murray Bauman
78%
Alexei
77%
Dartagnan
73%
Argyle
70%
Ted Wheeler
69%
Dr Sam Owens
66%
Jason
63%
Mr Scott Clarke
63%
Kali
61%
Heather Holloway
56%
Vickie
55%
Victor Creel
53%
Yuri
51%
Fred
48%
Terry Ives
42%
Larry Kline
37%
Claudia Henderson
33%
Doris Driscoll
33%
Mr Powell
30%
Tom Holloway
30%
Grigori
21%
Tina
20%
Dimitri
17%
Keith
13%
Bruce
12%
Aucun quiz correspondant
Distribution des résultats
% des personnes avec chaque résultat
Percentile par nombre de réponses
Votre historique - résultats
Vous n’avez pas pris ce quiz